000
00310nam a2200121Ia 4500
008
190415s9999 xx 000 0 und d
082
_a
RE.0012
100
_a
Progressive Research Aids Priv
245
0
_a
Evaluation of rural sanitation programme in Maharashtra.
260
_c
0
300
_a
v.p.
942
_c
BK
999
_c
13820
_d
13820